000 00361nam a2200145 i 4500
001 bg
100 1 _aEpifanov, Georgij Ivanovič.
245 0 _aFizyczne podstawy mikroelektroniki /
_cG.I. Jepifanov.
260 _aWarszawa,
_c1976.
040 _cBPK
041 _apol
080 _a621.38:530.1:537
942 _cKS
008 s pl f |000 0 pol
999 _c9355
_d9355
856 _uhttp://koha.tu.koszalin.pl/cgi-bin/koha/opac-detail.pl?biblionumber=9355
_yKatalog online BPK